[Event "10th Sharjah Cup Women 2020"]
[Site "Sharjah"]
[Date "2020.01.04"]
[Round "1.14"]
[White "Kubicka, Anna"]
[Black "Alghala Ali, Alali"]
[Result "1/2-1/2"]
[WhiteElo "2258"]
[BlackElo "1125"]
[Annotator "ChessBase"]
[PlyCount "83"]
[EventDate "2020.01.04"]
[EventType "swiss"]
[EventCountry "UAE"]
[SourceTitle "playchess.com"]
[Source "ChessBase"]
[SourceQuality "1"]
[TimeControl "5400+30"]

1. e4 {[%emt 0:00:00]} d5 {[%emt 0:00:00]} 2. exd5 {[%emt 0:00:00]} Nf6 {[%emt 0:00:00]} 3. Bb5+ {[%emt 0:00:00]} Bd7 {[%emt 0:00:00]} 4. Bc4 {[%emt 0:00:07]} Bg4 {[%emt 0:00:50]} 5. f3 {[%emt 0:00:06]} Bc8 {[%emt 0:00:23]} 6. Nc3 {[%emt 0:00:16]} c6 {[%emt 0:12:44]} 7. dxc6 {[%emt 0:00:25]} Nxc6 {[%emt 0:00:08]} 8. Nge2 {[%emt 0:00:12]} Ne5 {[%emt 0:01:15]} 9. Bb3 {[%emt 0:01:17]} g6 {[%emt 0:00:44]} 10. d4 {[%emt 0:00:09]} Nc6 {[%emt 0:00:59]} 11. O-O {[%emt 0:00:22]} Bg7 {[%emt 0:00:16]} 12. Be3 {[%emt 0:00:37]} e6 {[%emt 0:00:38]} 13. Qd2 {[%emt 0:00:53]} O-O {[%emt 0:00:40]} 14. Rad1 {[%emt 0:00:19]} Nd5 {[%emt 0:02:37]} 15. Nxd5 {[%emt 0:00:35]} exd5 {[%emt 0:04:53]} 16. Nf4 {[%emt 0:00:18]} Be6 {[%emt 0:00:57]} 17. c3 {[%emt 0:01:09]} b5 {[%emt 0:00:59]} 18. Nd3 {[%emt 0:00:19]} a6 {[%emt 0:01:33]} 19. Nc5 {[%emt 0:01:19]} Re8 {[%emt 0:02:07]} 20. Rfe1 {[%emt 0:00:06]} Bf6 {[%emt 0:01:48]} 21. Bf4 {[%emt 0:00:23]} Ra7 {[%emt 0:01:54]} 22. Re2 {[%emt 0:00:16]} a5 {[%emt 0:02:18]} 23. Nxe6 {[%emt 0:03:53]} Rxe6 {[%emt 0:01:22]} 24. Rxe6 {[%emt 0:00:04]} fxe6 {[%emt 0:00:12]} 25. Qe2 {[%emt 0:00:03]} Re7 {[%emt 0:00:42]} 26. Qxb5 {[%emt 0:00:05]} Qd7 {[%emt 0:01:03]} 27. Ba4 {[%emt 0:00:08]} e5 {[%emt 0:13:41]} 28. Bg3 {[%emt 0:00:05]} Re6 {[%emt 0:00:32]} 29. dxe5 {[%emt 0:00:12]} Bd8 {[%emt 0:01:26]} 30. Rxd5 {[%emt 0:00:18]} Qc8 {[%emt 0:04:45]} 31. Rd6 {[%emt 0:00:12]} Ne7 {[%emt 0:01:42]} 32. Bb3 {[%emt 0:00:23]} Qa8 {[%emt 0:06:33]} 33. Bxe6+ {[%emt 0:00:43]} Kg7 {[%emt 0:00:22]} 34. Bb3 {[%emt 0:00:27]} Qa7+ {[%emt 0:01:37]} 35. Bf2 {[%emt 0:00:08]} Qc7 {[%emt 0:00:18]} 36. Rd7 {[%emt 0:00:14]} Qc8 {[%emt 0:00:37]} 37. Qd5 {[%emt 0:00:04]} Kh6 {[%emt 0:02:00]} 38. Be3+ {[%emt 0:00:05]} g5 {[%emt 0:00:36]} 39. Bxg5+ {[%emt 0:00:38]} Kxg5 {[%emt 0:01:02]} 40. Qd2+ {[%emt 0:00:04]} Kf5 {[%emt 0:01:24]} 41. g4+ {[%emt 0:00:05]} Kxe5 {[%emt 0:00:28]} 42. Qd4# {[%emt 0:00:04]} 1/2-1/2

[Event "10th Sharjah Cup Women 2020"]
[Site "Sharjah"]
[Date "2020.01.04"]
[Round "1.15"]
[White "alyazia Humaid alhasani"]
[Black "Nguyen, Thi Mai Hung"]
[Result "0-1"]
[WhiteElo "1119"]
[BlackElo "2254"]
[Annotator "ChessBase"]
[PlyCount "50"]
[EventDate "2020.01.04"]
[EventType "swiss"]
[EventCountry "UAE"]
[SourceTitle "playchess.com"]
[Source "ChessBase"]
[SourceQuality "1"]
[TimeControl "5400+30"]

1. e4 {[%emt 0:00:00]} e6 {[%emt 0:00:00]} 2. d4 {[%emt 0:01:10]} d5 {[%emt 0:00:01]} 3. e5 {[%emt 0:00:28]} c5 {[%emt 0:00:18]} 4. c3 {[%emt 0:00:57]} Qb6 {[%emt 0:03:29]} 5. Nf3 {[%emt 0:04:33]} Nc6 {[%emt 0:00:11]} 6. b3 {[%emt 0:08:39]} cxd4 {[%emt 0:01:26]} 7. cxd4 {[%emt 0:03:37]} Bb4+ {[%emt 0:00:51]} 8. Bd2 {[%emt 0:05:20]} Nxd4 {[%emt 0:07:25]} 9. Bxb4 {[%emt 0:03:52]} Qxb4+ {[%emt 0:00:35]} 10. Nbd2 {[%emt 0:02:26]} Bd7 {[%emt 0:03:04]} 11. Be2 {[%emt 0:06:55]} Ne7 {[%emt 0:01:47]} 12. O-O {[%emt 0:01:42]} Nxe2+ {[%emt 0:00:21]} 13. Qxe2 {[%emt 0:00:11]} Bb5 {[%emt 0:00:06]} 14. Qd1 {[%emt 0:03:29]} Bxf1 {[%emt 0:00:09]} 15. Nxf1 {[%emt 0:00:31]} O-O {[%emt 0:00:11]} 16. Ng3 {[%emt 0:00:32]} Ng6 {[%emt 0:01:13]} 17. Qd3 {[%emt 0:02:35]} Rac8 {[%emt 0:00:19]} 18. Ne2 {[%emt 0:02:06]} Rfd8 {[%emt 0:04:54]} 19. h4 {[%emt 0:02:26]} Qe4 {[%emt 0:04:23]} 20. Qxe4 {[%emt 0:01:23]} dxe4 {[%emt 0:00:04]} 21. Ng5 {[%emt 0:00:53]} Rc2 {[%emt 0:00:26]} 22. Ng3 {[%emt 0:01:19]} e3 {[%emt 0:00:12]} 23. fxe3 {[%emt 0:01:45]} Nxh4 {[%emt 0:02:23]} 24. Rf1 {[%emt 0:01:23]} Rxg2+ {[%emt 0:00:18]} 25. Kh1 {[%emt 0:00:11]} Rxg3 {[%emt 0:00:06]} 0-1

[Event "10th Sharjah Cup Women 2020"]
[Site "Sharjah"]
[Date "2020.01.04"]
[Round "1.16"]
[White "Smirnova, Ekaterina"]
[Black "Isra shams Eldien"]
[Result "1-0"]
[WhiteElo "2249"]
[BlackElo "1108"]
[Annotator "ChessBase"]
[PlyCount "47"]
[EventDate "2020.01.04"]
[EventType "swiss"]
[EventCountry "UAE"]
[SourceTitle "playchess.com"]
[Source "ChessBase"]
[SourceQuality "1"]
[TimeControl "5400+30"]

1. d4 {[%emt 0:00:00]} d5 {[%emt 0:00:00]} 2. c4 {[%emt 0:00:00]} dxc4 {[%emt 0:00:23]} 3. e3 {[%emt 0:00:00]} Be6 {[%emt 0:01:03]} 4. Nf3 {[%emt 0:00:42]} Nf6 {[%emt 0:00:21]} 5. Nc3 {[%emt 0:00:51]} g6 {[%emt 0:01:25]} 6. Ng5 {[%emt 0:00:49]} Qd7 {[%emt 0:01:15]} 7. Nxe6 {[%emt 0:03:09]} Qxe6 {[%emt 0:00:42]} 8. d5 {[%emt 0:00:44]} Qa6 {[%emt 0:04:26]} 9. Qd4 {[%emt 0:00:54]} b5 {[%emt 0:01:58]} 10. Be2 {[%emt 0:06:02]} Bg7 {[%emt 0:00:21]} 11. O-O {[%emt 0:00:40]} O-O {[%emt 0:00:29]} 12. e4 {[%emt 0:00:48]} Nxe4 {[%emt 0:01:35]} 13. Qxe4 {[%emt 0:00:21]} c6 {[%emt 0:02:54]} 14. Be3 {[%emt 0:00:38]} cxd5 {[%emt 0:05:05]} 15. Nxd5 {[%emt 0:00:45]} Nc6 {[%emt 0:00:49]} 16. Nc7 {[%emt 0:00:21]} Qa5 {[%emt 0:01:37]} 17. Nxa8 {[%emt 0:00:10]} Rxa8 {[%emt 0:00:06]} 18. Qxc6 {[%emt 0:00:05]} Qd8 {[%emt 0:01:21]} 19. Rad1 {[%emt 0:00:10]} Qf8 {[%emt 0:00:36]} 20. Qxb5 {[%emt 0:00:08]} Rb8 {[%emt 0:00:40]} 21. Qxc4 {[%emt 0:00:08]} Rxb2 {[%emt 0:00:34]} 22. Qc7 {[%emt 0:00:12]} Rxa2 {[%emt 0:00:33]} 23. Bc4 {[%emt 0:00:17]} Rc2 {[%emt 0:00:49]} 24. Rd8 {[%emt 0:00:07]} 1-0

[Event "10th Sharjah Cup Women 2020"]
[Site "Sharjah"]
[Date "2020.01.04"]
[Round "1.17"]
[White "Kaushal, Khushi"]
[Black "Bykova, Anastasia"]
[Result "0-1"]
[WhiteElo "1105"]
[BlackElo "2247"]
[Annotator "ChessBase"]
[PlyCount "44"]
[EventDate "2020.01.04"]
[EventType "swiss"]
[EventCountry "UAE"]
[SourceTitle "playchess.com"]
[Source "ChessBase"]
[SourceQuality "1"]
[TimeControl "5400+30"]

1. e4 c6 2. d4 d5 3. e5 c5 4. dxc5 Nc6 5. Bb5 e6 6. Be3 Qc7 7. Nf3 Nge7 8. c4 Bd7 9. O-O dxc4 10. Bxc4 Nf5 11. Re1 Nxe3 12. Rxe3 Bxc5 13. Re2 O-O-O 14. a3 Kb8 15. b4 Bb6 16. Nbd2 Nd4 17. Nxd4 Bxd4 18. Rc1 Bb2 19. Rc2 Ba4 20. Qb1 Bxc2 21. Qxb2 Bd3 22. Bxd3 Rxd3 0-1

[Event "10th Sharjah Cup Women 2020"]
[Site "Sharjah"]
[Date "2020.01.04"]
[Round "1.18"]
[White "Gevorgyan, Irina"]
[Black "Mouza Nasser AlShamsi"]
[Result "1-0"]
[WhiteElo "2216"]
[BlackElo "1079"]
[Annotator "ChessBase"]
[PlyCount "85"]
[EventDate "2020.01.04"]
[EventType "swiss"]
[EventCountry "UAE"]
[SourceTitle "playchess.com"]
[Source "ChessBase"]
[SourceQuality "1"]
[TimeControl "5400+30"]

1. Nf3 {[%emt 0:00:00]} d6 {[%emt 0:00:00]} 2. d4 {[%emt 0:00:00]} Nf6 {[%emt 0:00:23]} 3. c4 {[%emt 0:00:57]} Nbd7 {[%emt 0:00:47]} 4. Nc3 {[%emt 0:00:23]} e5 {[%emt 0:00:29]} 5. e4 {[%emt 0:00:46]} Be7 {[%emt 0:00:43]} 6. Be2 {[%emt 0:00:07]} c6 {[%emt 0:01:47]} 7. O-O {[%emt 0:01:01]} O-O {[%emt 0:00:10]} 8. Re1 {[%emt 0:03:06]} Qc7 {[%emt 0:01:13]} 9. Bf1 {[%emt 0:02:48]} Re8 {[%emt 0:02:50]} 10. h3 {[%emt 0:10:02]} a6 {[%emt 0:06:11]} 11. a3 {[%emt 0:02:22]} b5 {[%emt 0:04:51]} 12. d5 {[%emt 0:03:51]} bxc4 {[%emt 0:03:06]} 13. Bxc4 {[%emt 0:04:44]} h6 {[%emt 0:03:41]} 14. dxc6 {[%emt 0:00:49]} Qxc6 {[%emt 0:01:04]} 15. Qb3 {[%emt 0:04:51]} Rf8 {[%emt 0:01:32]} 16. Be3 {[%emt 0:09:25]} Rb8 {[%emt 0:02:32]} 17. Qa2 {[%emt 0:00:12]} Bb7 {[%emt 0:01:12]} 18. Nd5 {[%emt 0:15:51]} Nxd5 {[%emt 0:00:43]} 19. exd5 {[%emt 0:00:19]} Qc7 {[%emt 0:00:41]} 20. Rac1 {[%emt 0:00:28]} Qd8 {[%emt 0:00:32]} 21. b4 {[%emt 0:01:20]} Re8 {[%emt 0:00:49]} 22. Bb3 {[%emt 0:03:54]} Rc8 {[%emt 0:01:06]} 23. Ba4 {[%emt 0:01:09]} Rxc1 {[%emt 0:02:34]} 24. Rxc1 {[%emt 0:00:14]} Bf8 {[%emt 0:01:24]} 25. Bc6 {[%emt 0:01:43]} Bxc6 {[%emt 0:00:48]} 26. dxc6 {[%emt 0:06:22]} Nf6 {[%emt 0:00:33]} 27. Qe2 {[%emt 0:01:41]} Qc8 {[%emt 0:00:45]} 28. a4 {[%emt 0:00:13]} d5 {[%emt 0:00:27]} 29. b5 {[%emt 0:00:44]} axb5 {[%emt 0:00:21]} 30. axb5 {[%emt 0:00:03]} d4 {[%emt 0:00:32]} 31. Bd2 {[%emt 0:00:25]} Bd6 {[%emt 0:00:54]} 32. b6 {[%emt 0:00:19]} Qb8 {[%emt 0:01:39]} 33. Qa6 {[%emt 0:04:11]} Nd5 {[%emt 0:01:11]} 34. Ba5 {[%emt 0:05:16]} Qa8 {[%emt 0:01:27]} 35. Qxa8 {[%emt 0:01:32]} Rxa8 {[%emt 0:00:06]} 36. c7 {[%emt 0:00:16]} Rc8 {[%emt 0:00:26]} 37. b7 {[%emt 0:00:24]} Re8 {[%emt 0:00:33]} 38. c8=Q {[%emt 0:00:10]} Rxc8 {[%emt 0:00:12]} 39. bxc8=Q+ {[%emt 0:00:11]} Kh7 {[%emt 0:00:34]} 40. Qf5+ {[%emt 0:00:07]} g6 {[%emt 0:00:15]} 41. Qxf7+ {[%emt 0:00:08]} Kh8 {[%emt 0:00:09]} 42. Rc8+ {[%emt 0:00:05]} Bf8 {[%emt 0:00:06]} 43. Rxf8# 1-0

[Event "10th Sharjah Cup Women 2020"]
[Site "Sharjah"]
[Date "2020.01.04"]
[Round "1.19"]
[White "khezrian, Neda"]
[Black "Suleimanova, Ava"]
[Result "0-1"]
[WhiteElo "1075"]
[BlackElo "2213"]
[Annotator "ChessBase"]
[PlyCount "106"]
[EventDate "2020.01.04"]
[EventType "swiss"]
[EventCountry "UAE"]
[SourceTitle "playchess.com"]
[Source "ChessBase"]
[SourceQuality "1"]
[TimeControl "5400+30"]

1. e4 {[%emt 0:00:00]} Nf6 {[%emt 0:00:00]} 2. Nc3 {[%emt 0:00:25]} e5 {[%emt 0:00:00]} 3. Nf3 {[%emt 0:01:43]} Bb4 {[%emt 0:01:05]} 4. d3 {[%emt 0:03:36]} d5 {[%emt 0:01:04]} 5. Bd2 {[%emt 0:06:43]} d4 {[%emt 0:01:48]} 6. Nb1 {[%emt 0:02:06]} Qe7 {[%emt 0:01:32]} 7. Be2 {[%emt 0:08:56]} O-O {[%emt 0:01:18]} 8. O-O {[%emt 0:00:41]} Bxd2 {[%emt 0:00:58]} 9. Nbxd2 {[%emt 0:00:17]} Nc6 {[%emt 0:02:23]} 10. c3 {[%emt 0:10:06]} dxc3 {[%emt 0:00:44]} 11. bxc3 {[%emt 0:00:21]} Rd8 {[%emt 0:00:13]} 12. Rb1 {[%emt 0:04:11]} b6 {[%emt 0:01:22]} 13. Qc2 {[%emt 0:08:35]} a5 {[%emt 0:03:10]} 14. Rfd1 {[%emt 0:06:31]} Ba6 {[%emt 0:03:26]} 15. Nf1 {[%emt 0:04:08]} Nh5 {[%emt 0:05:43]} 16. Ne3 {[%emt 0:01:51]} Nf4 {[%emt 0:00:53]} 17. Ng4 {[%emt 0:01:56]} Rd6 {[%emt 0:02:09]} 18. c4 {[%emt 0:03:00]} Rg6 {[%emt 0:02:23]} 19. h3 {[%emt 0:01:52]} h5 {[%emt 0:00:21]} 20. Ne3 {[%emt 0:01:00]} Nd4 {[%emt 0:03:03]} 21. Nxd4 {[%emt 0:01:03]} exd4 {[%emt 0:00:16]} 22. Nd5 {[%emt 0:01:07]} Rxg2+ {[%emt 0:13:15]} 23. Kf1 {[%emt 0:00:55]} Qg5 {[%emt 0:06:07]} 24. Ke1 {[%emt 0:01:12]} Rg1+ {[%emt 0:04:00]} 25. Bf1 {[%emt 0:01:10]} Qg2 {[%emt 0:01:32]} 26. Kd2 {[%emt 0:01:19]} Qxf2+ {[%emt 0:00:34]} 27. Kc1 {[%emt 0:00:12]} Rxf1 {[%emt 0:00:31]} 28. Qxf2 {[%emt 0:01:37]} Rxf2 {[%emt 0:00:24]} 29. Nxf4 {[%emt 0:02:37]} Rxf4 {[%emt 0:00:12]} 30. Rb2 {[%emt 0:05:49]} Bc8 {[%emt 0:00:41]} 31. Rh2 {[%emt 0:00:29]} Rf3 {[%emt 0:00:11]} 32. Kc2 {[%emt 0:01:17]} Rxh3 {[%emt 0:00:31]} 33. Rf2 {[%emt 0:00:34]} Be6 {[%emt 0:00:25]} 34. Rg1 {[%emt 0:01:44]} a4 {[%emt 0:01:21]} 35. Rg5 {[%emt 0:01:15]} Ra5 {[%emt 0:00:38]} 36. Rgg2 {[%emt 0:00:51]} b5 {[%emt 0:00:11]} 37. c5 {[%emt 0:00:42]} b4 {[%emt 0:00:07]} 38. Kb1 {[%emt 0:00:44]} Rxd3 {[%emt 0:00:14]} 39. Rd2 {[%emt 0:01:05]} Rxd2 {[%emt 0:00:55]} 40. Rxd2 {[%emt 0:00:07]} h4 {[%emt 0:00:32]} 41. Rxd4 {[%emt 0:00:38]} h3 {[%emt 0:00:13]} 42. Rd2 {[%emt 0:00:31]} b3 {[%emt 0:00:06]} 43. a3 {[%emt 0:00:22]} Rxc5 {[%emt 0:00:11]} 44. Rh2 {[%emt 0:02:05]} Rg5 {[%emt 0:00:22]} 45. Rd2 {[%emt 0:00:55]} Rg1+ {[%emt 0:00:11]} 46. Kb2 {[%emt 0:00:19]} Rg2 {[%emt 0:00:09]} 47. Rxg2 {[%emt 0:00:12]} hxg2 {[%emt 0:00:04]} 48. e5 {[%emt 0:00:15]} g1=Q {[%emt 0:00:19]} 49. Kc3 {[%emt 0:00:13]} Qc1+ {[%emt 0:00:21]} 50. Kb4 {[%emt 0:00:12]} b2 {[%emt 0:00:07]} 51. Kxa4 {[%emt 0:00:13]} b1=Q {[%emt 0:00:33]} 52. Ka5 {[%emt 0:00:09]} Qb6+ {[%emt 0:00:07]} 53. Ka4 {[%emt 0:00:09]} Qc4# {[%emt 0:00:05]} 0-1

[Event "10th Sharjah Cup Women 2020"]
[Site "Sharjah"]
[Date "2020.01.04"]
[Round "1.20"]
[White "Kiolbasa, Oliwia"]
[Black "Al-Hammadi, Manal Hussein"]
[Result "1-0"]
[WhiteElo "2196"]
[BlackElo "1071"]
[Annotator "ChessBase"]
[PlyCount "119"]
[EventDate "2020.01.04"]
[EventType "swiss"]
[EventCountry "UAE"]
[SourceTitle "playchess.com"]
[Source "ChessBase"]
[SourceQuality "1"]
[TimeControl "5400+30"]

1. d4 {[%emt 0:00:00]} d5 {[%emt 0:00:00]} 2. c4 {[%emt 0:00:00]} e6 {[%emt 0:00:00]} 3. Nf3 {[%emt 0:00:00]} Nc6 {[%emt 0:01:53]} 4. g3 {[%emt 0:01:28]} g6 {[%emt 0:03:25]} 5. Bg2 {[%emt 0:01:45]} Bg7 {[%emt 0:05:56]} 6. O-O {[%emt 0:05:18]} Nf6 {[%emt 0:01:19]} 7. Nc3 {[%emt 0:06:02]} Ne7 {[%emt 0:03:09]} 8. Ne5 {[%emt 0:02:56]} O-O {[%emt 0:04:33]} 9. c5 {[%emt 0:08:29]} c6 {[%emt 0:02:19]} 10. b4 {[%emt 0:00:51]} a6 {[%emt 0:02:33]} 11. a4 {[%emt 0:00:09]} Bd7 {[%emt 0:01:00]} 12. Bb2 {[%emt 0:04:05]} b6 {[%emt 0:03:50]} 13. cxb6 {[%emt 0:02:03]} Qxb6 {[%emt 0:00:29]} 14. a5 {[%emt 0:00:13]} Qc7 {[%emt 0:04:32]} 15. Na4 {[%emt 0:00:10]} Bc8 {[%emt 0:04:26]} 16. Nb6 {[%emt 0:06:54]} Rb8 {[%emt 0:01:38]} 17. Qc2 {[%emt 0:00:07]} Nd7 {[%emt 0:01:26]} 18. Nexd7 {[%emt 0:06:17]} Bxd7 {[%emt 0:00:18]} 19. Rfc1 {[%emt 0:00:08]} Nc8 {[%emt 0:03:53]} 20. Nxd7 {[%emt 0:00:32]} Qxd7 {[%emt 0:00:11]} 21. Qxc6 {[%emt 0:00:07]} Qxc6 {[%emt 0:02:10]} 22. Rxc6 {[%emt 0:00:09]} Ne7 {[%emt 0:01:16]} 23. Rb6 {[%emt 0:08:45]} Rxb6 {[%emt 0:03:51]} 24. axb6 {[%emt 0:00:01]} Rb8 {[%emt 0:00:12]} 25. Rxa6 {[%emt 0:01:27]} Nc8 {[%emt 0:00:34]} 26. b7 {[%emt 0:08:30]} Rxb7 {[%emt 0:01:07]} 27. Ra8 {[%emt 0:00:06]} Rc7 {[%emt 0:00:12]} 28. e4 {[%emt 0:00:07]} dxe4 {[%emt 0:01:13]} 29. Bxe4 {[%emt 0:00:39]} h5 {[%emt 0:02:03]} 30. b5 {[%emt 0:01:49]} Kh7 {[%emt 0:00:56]} 31. Bc6 {[%emt 0:00:24]} Nd6 {[%emt 0:03:00]} 32. Ra4 {[%emt 0:14:05]} Rc8 {[%emt 0:01:42]} 33. Ba3 {[%emt 0:03:09]} Bf8 {[%emt 0:01:34]} 34. Ra7 {[%emt 0:02:17]} Kg7 {[%emt 0:01:04]} 35. d5 {[%emt 0:04:13]} exd5 {[%emt 0:00:48]} 36. Bxd5 {[%emt 0:00:15]} Kh6 {[%emt 0:02:01]} 37. b6 Rb8 {[%emt 0:00:50]} 38. b7 {[%emt 0:02:34]} Nxb7 {[%emt 0:00:46]} 39. Bxf8+ {[%emt 0:00:07]} Rxf8 {[%emt 0:00:07]} 40. Rxb7 {[%emt 0:00:06]} g5 {[%emt 0:00:19]} 41. Rxf7 {[%emt 0:00:09]} Rxf7 {[%emt 0:00:16]} 42. Bxf7 {[%emt 0:00:04]} h4 {[%emt 0:00:20]} 43. gxh4 {[%emt 0:00:31]} gxh4 {[%emt 0:00:10]} 44. Kg2 {[%emt 0:00:02]} Kg5 {[%emt 0:00:09]} 45. Kh3 {[%emt 0:00:05]} Kf6 {[%emt 0:00:19]} 46. Bd5 {[%emt 0:00:04]} Kg5 {[%emt 0:00:18]} 47. Bc6 {[%emt 0:00:13]} Kh5 {[%emt 0:00:13]} 48. f4 {[%emt 0:00:04]} Kg6 {[%emt 0:00:11]} 49. Kxh4 {[%emt 0:00:07]} Kf6 {[%emt 0:00:03]} 50. Kg4 {[%emt 0:00:05]} Kf7 {[%emt 0:00:15]} 51. Kf5 {[%emt 0:00:11]} Kf8 {[%emt 0:00:08]} 52. Kf6 {[%emt 0:00:04]} Kg8 {[%emt 0:00:06]} 53. Ke7 {[%emt 0:00:04]} Kg7 {[%emt 0:00:23]} 54. f5 {[%emt 0:00:03]} Kg8 {[%emt 0:00:06]} 55. f6 {[%emt 0:00:03]} Kh7 {[%emt 0:00:23]} 56. f7 {[%emt 0:00:05]} Kg6 {[%emt 0:00:15]} 57. f8=Q {[%emt 0:00:07]} Kg5 {[%emt 0:00:12]} 58. Qf6+ {[%emt 0:00:59]} Kg4 {[%emt 0:00:08]} 59. Bf3+ {[%emt 0:00:09]} Kh3 {[%emt 0:00:23]} 60. Qh6# {[%emt 0:00:05]} 1-0

[Event "10th Sharjah Cup Women 2020"]
[Site "Sharjah"]
[Date "2020.01.04"]
[Round "1.21"]
[White "Alsabbagh Eman"]
[Black "Drljevic, Ljilja"]
[Result "0-1"]
[WhiteElo "1053"]
[BlackElo "2193"]
[Annotator "NA"]
[PlyCount "94"]
[EventDate "2020.01.04"]
[EventType "swiss"]
[EventCountry "UAE"]
[SourceTitle "playchess.com"]
[Source "ChessBase"]
[SourceQuality "1"]
[TimeControl "5400+30"]

1. e4 {[%emt 0:00:00]} g6 {[%emt 0:00:00]} 2. d4 {[%emt 0:02:08]} Bg7 {[%emt 0:00:00]} 3. Nf3 {[%emt 0:00:56]} d6 {[%emt 0:00:33]} 4. Nc3 {[%emt 0:01:54]} Nf6 {[%emt 0:00:51]} 5. Bd3 {[%emt 0:01:33]} Nc6 {[%emt 0:00:55]} 6. h3 {[%emt 0:03:43]} O-O {[%emt 0:01:12]} 7. Be3 {[%emt 0:00:45]} e5 {[%emt 0:01:48]} 8. dxe5 {[%emt 0:02:35]} dxe5 {[%emt 0:01:15]} 9. Qd2 {[%emt 0:01:38]} Re8 {[%emt 0:11:34]} 10. a3 {[%emt 0:03:39]} Nd4 {[%emt 0:00:38]} 11. Bh6 {[%emt 0:13:23]} Nh5 {[%emt 0:12:48]} 12. O-O-O {[%emt 0:09:38]} c5 {[%emt 0:00:56]} 13. Bxg7 {[%emt 0:11:44]} Kxg7 {[%emt 0:01:29]} 14. Ne2 {[%emt 0:01:35]} Qc7 {[%emt 0:01:38]} 15. Bc4 {[%emt 0:05:09]} Be6 {[%emt 0:00:55]} 16. Bxe6 {[%emt 0:03:15]} Rxe6 {[%emt 0:00:33]} 17. Ng5 {[%emt 0:03:54]} Rf6 {[%emt 0:00:38]} 18. Rhf1 h6 {[%emt 0:10:41]} 19. Nf3 {[%emt 0:06:47]} Nxf3 {[%emt 0:05:09]} 20. gxf3 {[%emt 0:01:15]} Rxf3 {[%emt 0:00:05]} 21. Ng1 {[%emt 0:02:52]} Rf6 {[%emt 0:00:26]} 22. Ne2 {[%emt 0:01:45]} b5 {[%emt 0:14:11]} 23. Nc3 {[%emt 0:02:26]} Rf3 {[%emt 0:05:25]} 24. Nxb5 {[%emt 0:02:02]} Qb6 {[%emt 0:03:54]} 25. Qd5 {[%emt 0:01:46]} Re8 {[%emt 0:03:57]} 26. Nd6 {[%emt 0:01:45]} Re6 {[%emt 0:01:09]} 27. Nc4 {[%emt 0:00:58]} Qc7 {[%emt 0:04:26]} 28. Qd7 {[%emt 0:03:24]} Qxd7 {[%emt 0:01:51]} 29. Rxd7 {[%emt 0:00:13]} Nf6 {[%emt 0:01:28]} 30. Rxa7 {[%emt 0:00:58]} Nxe4 {[%emt 0:00:58]} 31. Re1 {[%emt 0:00:34]} Rf4 {[%emt 0:00:49]} 32. f3 {[%emt 0:02:11]} Ng5 {[%emt 0:02:26]} 33. Nxe5 {[%emt 0:02:15]} c4 {[%emt 0:00:52]} 34. Kd2 {[%emt 0:01:42]} Rxf3 {[%emt 0:04:28]} 35. Nxc4 {[%emt 0:00:39]} Rf2+ {[%emt 0:01:15]} 36. Kd1 {[%emt 0:00:39]} Rxe1+ {[%emt 0:02:24]} 37. Kxe1 {[%emt 0:00:10]} Rxc2 {[%emt 0:00:07]} 38. b3 {[%emt 0:01:12]} Nxh3 {[%emt 0:00:16]} 39. Ne5 {[%emt 0:01:10]} Ng5 {[%emt 0:00:41]} 40. b4 {[%emt 0:00:29]} h5 {[%emt 0:00:17]} 41. a4 {[%emt 0:00:46]} Kf6 {[%emt 0:01:30]} 42. Nd7+ {[%emt 0:00:40]} Kf5 {[%emt 0:00:27]} 43. b5 {[%emt 0:00:24]} h4 {[%emt 0:01:25]} 44. Kf1 {[%emt 0:00:44]} h3 {[%emt 0:00:20]} 45. Kg1 {[%emt 0:00:09]} Nf3+ {[%emt 0:00:17]} 46. Kf1 {[%emt 0:01:16]} h2 {[%emt 0:00:10]} 47. b6 {[%emt 0:00:22]} h1=R# {[%emt 0:00:14]} 0-1

[Event "10th Sharjah Cup Women 2020"]
[Site "Sharjah"]
[Date "2020.01.04"]
[Round "1.22"]
[White "Pujari, Rucha"]
[Black "Mira, Husain Al Hammadi"]
[Result "1-0"]
[WhiteElo "2187"]
[BlackElo "1048"]
[Annotator "ChessBase"]
[PlyCount "59"]
[EventDate "2020.01.04"]
[EventType "swiss"]
[EventCountry "UAE"]
[SourceTitle "playchess.com"]
[Source "ChessBase"]
[SourceQuality "1"]
[TimeControl "5400+30"]

1. d4 {[%emt 0:00:02]} d5 {[%emt 0:00:00]} 2. c4 {[%emt 0:00:13]} c6 {[%emt 0:00:31]} 3. cxd5 {[%emt 0:00:40]} cxd5 {[%emt 0:01:51]} 4. Nc3 {[%emt 0:00:07]} Nf6 {[%emt 0:00:56]} 5. Bf4 {[%emt 0:00:04]} a6 {[%emt 0:01:50]} 6. e3 {[%emt 0:00:11]} Bf5 {[%emt 0:03:02]} 7. Qb3 {[%emt 0:00:45]} b5 {[%emt 0:02:00]} 8. a4 {[%emt 0:05:19]} Qa5 {[%emt 0:03:40]} 9. Rc1 {[%emt 0:02:21]} Bd7 {[%emt 0:05:23]} 10. axb5 {[%emt 0:03:29]} axb5 {[%emt 0:04:13]} 11. Bxb5 {[%emt 0:00:18]} e6 {[%emt 0:02:01]} 12. Nge2 {[%emt 0:06:30]} Bxb5 {[%emt 0:02:24]} 13. Qxb5+ {[%emt 0:01:07]} Qxb5 {[%emt 0:00:47]} 14. Nxb5 {[%emt 0:00:02]} Na6 {[%emt 0:00:52]} 15. O-O {[%emt 0:00:53]} Be7 {[%emt 0:06:16]} 16. Nc7+ {[%emt 0:04:18]} Nxc7 {[%emt 0:00:30]} 17. Rxc7 {[%emt 0:00:03]} Bd8 {[%emt 0:00:45]} 18. Rb7 {[%emt 0:00:33]} O-O {[%emt 0:00:35]} 19. f3 Ba5 {[%emt 0:01:19]} 20. b4 {[%emt 0:05:25]} Bd8 {[%emt 0:01:40]} 21. Rb1 {[%emt 0:02:56]} Re8 {[%emt 0:02:36]} 22. Bd6 {[%emt 0:01:50]} Ra6 {[%emt 0:01:13]} 23. Bc5 {[%emt 0:00:07]} e5 {[%emt 0:00:51]} 24. dxe5 {[%emt 0:02:12]} Rxe5 {[%emt 0:00:19]} 25. Nf4 {[%emt 0:03:36]} h6 {[%emt 0:02:25]} 26. b5 {[%emt 0:00:50]} Ra2 {[%emt 0:00:45]} 27. b6 {[%emt 0:00:53]} Kh7 {[%emt 0:02:12]} 28. Rxf7 Rg5 {[%emt 0:00:29]} 29. b7 {[%emt 0:02:51]} Nh5 {[%emt 0:00:30]} 30. b8=Q {[%emt 0:01:21]} 1-0